Complete a letra da música "Just the Way You Are" do Bruno Mars - Statistics

Estatísticas Gerais
  • Esse quiz foi jogado 329 vezes
  • A pontuação média é 203 de 289
Estatísticas das Respostas
Hint Resposta % Correto
a
99%
I
97%
the
97%
The
97%
you
95%
You
95%
Just
92%
just
92%
see
90%
way
90%
When
90%
when
90%
eyes,
89%
eyes
89%
face
89%
your
89%
are
88%
her
88%
Her
88%
And
87%
and
87%
hair,
85%
hair
85%
amazing
83%
not
82%
beautiful
80%
so
79%
so,
79%
So
79%
Then
79%
Cause
78%
change
77%
every
76%
she
76%
She
76%
Primeira parte Oh
75%
day
74%
look
73%
that
73%
smile,
71%
tell
70%
Make
66%
know,
65%
know
65%
would
65%
stars
62%
thing
62%
you're
62%
like
59%
world
59%
perfect
58%
me
57%
There's
55%
girl
54%
Girl
54%
for
52%
shining
52%
it's
51%
She's
51%
whole
50%
stops
48%
while
48%
"Do
46%
say
45%
trying
45%
Falls
44%
to
44%
is
43%
without
43%
perfectly
41%
ask
40%
they're
39%
believe
38%
okay?"
38%
what
37%
don't
36%
lips,
34%
lips
34%
stares
33%
But
32%
but
32%
won't
32%
Yeah
31%
time
30%
Sad
28%
compliment
27%
think
27%
if
24%
If
24%
sexy
22%
could
21%
kiss
20%
never
20%
asks
19%
laugh,
19%
laugh
19%
all
18%
let
17%
them
17%
hates
15%
okay
9%
stay
8%
same
7%
I'd
6%
bother
5%
even
5%
searching
5%
asking
4%
she'd
4%
Nenhum quiz correspondente encontrado
Distribuição das Pontuações
Porcentagem de Pessoas com Cada Pontuação
Percentil de Números Respondidos
Sua Pontuação Histórica
Você não jogou esse quiz